<?xml version="1.0" encoding="UTF-8"?><?xml-stylesheet type="text/xsl" href="static/style.xsl"?><OAI-PMH xmlns="http://www.openarchives.org/OAI/2.0/" xmlns:xsi="http://www.w3.org/2001/XMLSchema-instance" xsi:schemaLocation="http://www.openarchives.org/OAI/2.0/ http://www.openarchives.org/OAI/2.0/OAI-PMH.xsd"><responseDate>2026-04-27T03:43:14Z</responseDate><request verb="GetRecord" identifier="oai:repisalud.isciii.es:20.500.12105/18734" metadataPrefix="marc">https://repisalud.isciii.es/rest/oai/request</request><GetRecord><record><header><identifier>oai:repisalud.isciii.es:20.500.12105/18734</identifier><datestamp>2024-09-21T21:02:11Z</datestamp><setSpec>com_20.500.12105_15322</setSpec><setSpec>com_20.500.12105_2051</setSpec><setSpec>col_20.500.12105_16927</setSpec></header><metadata><record xmlns="http://www.loc.gov/MARC21/slim" xmlns:dcterms="http://purl.org/dc/terms/" xmlns:doc="http://www.lyncode.com/xoai" xmlns:xsi="http://www.w3.org/2001/XMLSchema-instance" xsi:schemaLocation="http://www.loc.gov/MARC21/slim http://www.loc.gov/standards/marcxml/schema/MARC21slim.xsd">
   <leader>00925njm 22002777a 4500</leader>
   <datafield ind2=" " ind1=" " tag="042">
      <subfield code="a">dc</subfield>
   </datafield>
   <datafield ind2=" " ind1=" " tag="720">
      <subfield code="a">Fuentes-Abolafio, Iván José</subfield>
      <subfield code="e">author</subfield>
   </datafield>
   <datafield ind2=" " ind1=" " tag="720">
      <subfield code="a">Ricci, Michele</subfield>
      <subfield code="e">author</subfield>
   </datafield>
   <datafield ind2=" " ind1=" " tag="720">
      <subfield code="a">Bernal-López, María Rosa</subfield>
      <subfield code="e">author</subfield>
   </datafield>
   <datafield ind2=" " ind1=" " tag="720">
      <subfield code="a">Gómez-Huelgas, Ricardo</subfield>
      <subfield code="e">author</subfield>
   </datafield>
   <datafield ind2=" " ind1=" " tag="720">
      <subfield code="a">Cuesta-Vargas, Antonio Ignacio</subfield>
      <subfield code="e">author</subfield>
   </datafield>
   <datafield ind2=" " ind1=" " tag="720">
      <subfield code="a">Pérez-Belmonte, Luis Miguel</subfield>
      <subfield code="e">author</subfield>
   </datafield>
   <datafield ind2=" " ind1=" " tag="260">
      <subfield code="c">2022-08-08</subfield>
   </datafield>
   <datafield ind2=" " ind1=" " tag="520">
      <subfield code="a">Sarcopenia is an important comorbidity in patients with heart failure with preserved ejection fraction (HFpEF). The ultrasound (US) assessment has all the advantages of being used in primary care to assess muscle quantity and quality. Some biomarkers could be indicative of muscle mass loss. To describe the quantitative and qualitative characteristics of the quadriceps femoris assessed by US in older adults with HFpEF and to assess the relationship of the blood and urinary biomarkers, the polypharmacy and comorbidities with US outcomes in older adults with HFpEF. A cross-sectional study was conducted. 76 older adults with HFpEF were included. The quadriceps femoris muscle thickness (MT, cm), the subcutaneous fat tissue thickness (FT, cm), the muscle echo intensity (MEI) and the subcutaneous fat tissue echo intensity (FEI) were assessed by US in a non-contraction (non-con) and contraction (con) situations. Polypharmacy, comorbidities, blood and urine biomarkers were also collected. The carbohydrate antigen 125 (CA-125), the folic acid and the urine creatinine shared the 86.6% variance in the non-con MT, adjusted by age, sex and body mass index (BMI). The folic acid shared the 38.5% of the variance in the con MT, adjusted by age, sex and BMI. The glycosylated haemoglobin explained the 39.6% variance in the non-con MEI, adjusted by age, sex and BMI. The chlorine (Cl-) explained the 40.2% of the variance in the non-con FT, adjusted by age, sex and BMI. The polypharmacy and the folic acid explained the 37.9% of variance in the non-con FEI, while the polypharmacy and the thyrotropin (TSH) shared the 44.4% of variance in the con FEI, both adjusted by age, sex and BMI. No comorbidities, polypharmacy, or blood and urinary biomarkers could explain the con MEI and the con FT variance. Blood and urinary biomarkers obtained in routine analyses could help clinicians detect US outcome changes in older adults with HFpEF and identify a worsening of sarcopenia. NCT03909919. April 10, 2019. Retrospectively registered.</subfield>
   </datafield>
   <datafield ind1="8" ind2=" " tag="024">
      <subfield code="a">http://hdl.handle.net/10668/21775</subfield>
   </datafield>
   <datafield ind1="8" ind2=" " tag="024">
      <subfield code="a">http://hdl.handle.net/20.500.12105/18734</subfield>
   </datafield>
   <datafield ind1="8" ind2=" " tag="024">
      <subfield code="a">35939260</subfield>
   </datafield>
   <datafield ind1="8" ind2=" " tag="024">
      <subfield code="a">10.1007/s40520-022-02189-7</subfield>
   </datafield>
   <datafield ind1="8" ind2=" " tag="024">
      <subfield code="a">1720-8319</subfield>
   </datafield>
   <datafield ind1="8" ind2=" " tag="024">
      <subfield code="a">Aging clinical and experimental research</subfield>
   </datafield>
   <datafield tag="653" ind2=" " ind1=" ">
      <subfield code="a">Blood biomarkers</subfield>
   </datafield>
   <datafield tag="653" ind2=" " ind1=" ">
      <subfield code="a">Heart failure</subfield>
   </datafield>
   <datafield tag="653" ind2=" " ind1=" ">
      <subfield code="a">Muscle thickness</subfield>
   </datafield>
   <datafield tag="653" ind2=" " ind1=" ">
      <subfield code="a">Older adults</subfield>
   </datafield>
   <datafield tag="653" ind2=" " ind1=" ">
      <subfield code="a">Ultrasound</subfield>
   </datafield>
   <datafield tag="653" ind2=" " ind1=" ">
      <subfield code="a">Urinary biomarkers</subfield>
   </datafield>
   <datafield ind2="0" ind1="0" tag="245">
      <subfield code="a">Biomarkers and the quadriceps femoris muscle architecture assessed by ultrasound in older adults with heart failure with preserved ejection fraction: a cross-sectional study.</subfield>
   </datafield>
</record></metadata></record></GetRecord></OAI-PMH>